00332 a2200109 4500001001000000005001700010008004100027245004400068100002000112773007300132999001700205ART_1745020260410161923.0260409a 10aStaggered wage setting in a macro model1 aTaylor, John B.0 tThe American Economic Reviewg- Vol. 69, NÂș 2 (mayo 1979)wREV16190 c27871d27871